Online katalóg knižníc regiónu Turca

Ako Krtko cestoval : (Record no. 21640)

MARC details
000 -LEADER
fixed length control field 01165nam a2200337 4500
001 - CONTROL NUMBER
control field 21640
003 - CONTROL NUMBER IDENTIFIER
control field CZ PrNK
005 - DATE AND TIME OF LATEST TRANSACTION
control field 20260307103437.0
007 - PHYSICAL DESCRIPTION FIXED FIELD--GENERAL INFORMATION
fixed length control field tu
008 - FIXED-LENGTH DATA ELEMENTS--GENERAL INFORMATION
fixed length control field 940120s1992 xr a j 0|0 | sla
015 ## - NATIONAL BIBLIOGRAPHY NUMBER
National bibliography number cnb000071249
020 ## - INTERNATIONAL STANDARD BOOK NUMBER
International Standard Book Number 8000003864
Qualifying information (brož.)
035 ## - SYSTEM CONTROL NUMBER
System control number (OCoLC)39560721
040 ## - CATALOGING SOURCE
Original cataloging agency ABA001
Language of cataloging cze
041 1# - LANGUAGE CODE
Language code of text/sound track or separate title sla
Language code of original cze
072 #7 - SUBJECT CATEGORY CODE
Subject category code 821-93
Subject category code subdivision Literatura pro děti a mládež (beletrie)
Source Konspekt
080 ## - UNIVERSAL DECIMAL CLASSIFICATION NUMBER
Universal Decimal Classification number 82-93
Edition identifier undef
100 1# - MAIN ENTRY--PERSONAL NAME
Personal name Miler, Zdeněk,
Dates associated with a name 1921-2011
Relationship aut
-- ill
245 10 - TITLE STATEMENT
Title Ako Krtko cestoval :
Remainder of title Pre deti od 2 rokov /
Statement of responsibility, etc. Námet a ilustrácie Zdeněk Miler ; Veršami doprovádza Josef Brukner ; Do slovenčiny [z češ.] preložila Viera Prokešová ; Graf. úprava Milada Čvančarová
250 ## - EDITION STATEMENT
Edition statement 1. vyd.
260 ## - PUBLICATION, DISTRIBUTION, ETC.
Place of publication, distribution, etc. Praha :
Name of publisher, distributor, etc. Albatros,
Date of publication, distribution, etc. 1992
Place of manufacture (Skalica :
Manufacturer Grafobal)
300 ## - PHYSICAL DESCRIPTION
Extent [11] s. :
Other physical details barev. obr. ;
Dimensions 16 x 24 cm
655 #7 - INDEX TERM--GENRE/FORM
Genre/form data or focus term publikace pro děti
Source of term czenas
655 #7 - INDEX TERM--GENRE/FORM
Genre/form data or focus term leporela
Source of term czenas
700 1# - ADDED ENTRY--PERSONAL NAME
Personal name Prokešová, Viera,
Dates associated with a name 1957-2008
Relationship trl
700 1# - ADDED ENTRY--PERSONAL NAME
Personal name Čvančarová, Milada
Relationship art
700 1# - ADDED ENTRY--PERSONAL NAME
Personal name Brukner, Josef,
Dates associated with a name 1932-2015
Relationship aut
901 ## - LOCAL DATA ELEMENT A, LDA (RLIN)
o 19981103
910 ## - USER-OPTION DATA (OCLC)
User-option data ABA001
942 ## - ADDED ENTRY ELEMENTS (KOHA)
Source of classification or shelving scheme Dewey Decimal Classification
Koha item type Krásna literatúra pre deti
Suppress in OPAC No
Holdings
Stav vyradenia Strata Poškodenie Spôsob nadobudnutia Domovská knižnica Aktuálna knižnica Dátum nadobudnutia Total checkouts Čiarový kód exemplára Date last seen Typ exemplára
      Dar Obecná knižnica Horná Štubňa Obecná knižnica Horná Štubňa 07.03.2026   4736201714 07.03.2026 Krásna literatúra pre deti
Projekt je podporený Slovenskou asociáciou knižníc
Prevádzkuje Turčianska knižnica Martin 2026